Business taxation : (Record no. 4863)

MARC details
000 -LEADER
fixed length control field 00558 a2200181 4500
010 ## - LCCN (DPL NO)
LC control number ENG-86636
020 ## - INTERNATIONAL STANDARD BOOK NUMBER
Terms of availability 120.00
International Standard Book Number 8180545458
035 ## - SYSTEM CONTROL NUMBER
System control number EN-70169
037 ## - SOURCE OF ACQUISITION
Source of stock number/acquisition DBAD / PUB
082 14 - DEWEY DECIMAL CLASSIFICATION NUMBER
Classification number 336.207
100 1# - MAIN ENTRY--PERSONAL NAME
Personal name Pagare, Dinkar
245 1# - TITLE STATEMENT
Title Business taxation :
Statement of responsibility, etc by Dinkar Pagare
Remainder of title indirect taxes /
250 ## - EDITION STATEMENT
Edition statement 8th ed
260 ## - PUBLICATION, DISTRIBUTION, ETC. (IMPRINT)
Place of publication, distribution, etc New Delhi
Name of publisher, distributor, etc Sultan Chand
Date of publication, distribution, etc 2007
270 ## - ADDRESS
Address 23, Daryaganj
City New Delhi
Postal code 110 002
Telephone number 011-23243183, 011-23247051
Fax number 011-23266357
300 ## - PHYSICAL DESCRIPTION
Extent xii, 272 p
Dimensions 24 cm (Pbk)
942 ## - ADDED ENTRY ELEMENTS (KOHA)
Institution code [OBSOLETE] dpl
Item type English Books
Source of classification or shelving scheme Dewey Decimal Classification
Classification part 336.207
Call number suffix PAG
Holdings
Withdrawn status Lost status Not for loan Collection code Home library Current library Source of acquisition Cost, normal purchase price Full call number Barcode Copy number Cost, replacement price Koha item type
    Not For Loan Non-fiction D.B.Act.Division D.B.Act.Division DBAD/PUB 120.00 336.207 PAG EN-70169 1 120.00 English Books

© Delhi Public Library
Hit Counter
free hit counter